Представление документа в формате MARC21

Поле Инд. ПП Название Значение
Тип записи m
Библиографический уровень m
001 Контрольный номер ba5108abf28b4ccf99766bb5439533ea
005 Дата корректировки 20221208101605.3
008 Кодируемые данные 221208|||||||||ru |||||||||||||||||rus||
040 b Код языка каталог. rus
e Правила каталог. PSBO
041 0_ a Код языка текста rus
084 a Индекс другой классификации/Индекс ББК 65.051+65.9(2Рос-4Мур)
090 x Авторский знак О-75
203 a Вид содержания Текст
c Тип средства электронный
245 10 a Заглавие Основные фонды в Мурманской области
b Продолж. заглавия статистический сборник : [код работы – 020111005]
c Ответственность Федеральная служба государственной статистики, Территориальный орган Федеральной службы государственной статистики по Мурманской области (Мурманскстат) ; редакционная коллегия: Т. Е. Лапин и др.
h Физич. носитель Электронный ресурс
260 a Место издания Мурманск
c Дата издания 2022
300 a Объем 44 с.
500 a Примечание Электрон. текстовые дан. (1 файл : 1,55 Мб)
500 a Примечание URL: https://elib.mauniver.ru/stat/2022/StatSB_22_06.pdf
500 a Примечание Доступ из локальной сети Мурман. гос. техн. ун-та. - Загл. с титул. экрана
520 0_ a Аннотация Статистический сборник подготовлен по данным федерального статистического наблюдения и содержит показатели, характеризующие наличие, движение и состояние основных фондов по типам организаций, видам фондов, формам собственности, видам экономической деятельности, а также по муниципальным образованиям Мурманской области за 2018–2021 годы
583 x Служебное примечание Краеведческий каталог
583 1_ x Служебное примечание Статистические сборники
650 04 a Основная рубрика Статистические сборники-Мурманская область
651 _4 a Географическое наименование Мурманская область
653 0_ a Ключевые слова Основные фонды; Сборники статистические; Социально-экономическое положение Мурманской области; Статистические сборники; Статистические данные 2018-2021 гг.; Фонды Мурманской области; Фонды коммерческие; Фонды некоммерческие; Электронные версии; Экономика Мурманской области
856 40 u URL https://elib.mauniver.ru/stat/2022/StatSB_22_06.pdf
901 t Тип документа m